| 000 | 00794nam a2200229 a 4500 | ||
|---|---|---|---|
| 003 | EG-GiCUC | ||
| 008 | 100121s1982 jo f 000 0 ara d | ||
| 040 |
_aEG-GiCUC _bara _cEG-GiCUC |
||
| 092 | 0 | 4 |
_a813.9 _bG4118 _221 |
| 099 |
_a04 _a813.9 G4118 |
||
| 100 | 1 | _aالغزو : يوسف | |
| 245 | 1 | 2 |
_aاللوحة : _bرواية / _cيوسف الغزو |
| 260 |
_aعمان : _bمنشورات رابطة الكتاب الاردنيين : _c1982 |
||
| 300 |
_a156ص؛ _c18سم |
||
| 600 | 1 | 0 | _aالغزو : يوسف |
| 650 | 7 |
_aالقصص العربية _2qrmak |
|
| 902 | _a2 | ||
| 905 |
_aاميرة _eمدخل |
||
| 905 | _eمراجع | ||
| 942 |
_2ddc _cBK |
||
| 999 |
_c117154 _d117154 |
||